[Event "GER-chT U14 Girls"]
[Site "Neumuenster"]
[Date "2019.12.29"]
[Round "6.3"]
[White "Kluehs, Isabel"]
[Black "Albrecht, Angelique"]
[Result "1-0"]
[WhiteElo "1363"]
[BlackElo "1219"]
[PlyCount "161"]
[EventDate "2019.12.27"]
[EventType "team-swiss"]
[EventRounds "7"]
[EventCountry "GER"]
[SourceTitle "CBM 194 Extra"]
[Source "ChessBase"]
[SourceDate "2020.03.31"]
[SourceVersion "1"]
[SourceVersionDate "2020.03.31"]
[SourceQuality "1"]
[WhiteTeam "Lichtenberg Borussia"]
[BlackTeam "Ingelheim"]
[WhiteTeamCountry "GER"]
[BlackTeamCountry "GER"]

1. d4 d5 2. Nf3 Nf6 3. e3 c5 4. c3 e6 5. Bd3 Bd6 6. Nbd2 Nc6 7. e4 cxd4 8. Nxd4 e5 9. Nxc6 bxc6 10. 0-0 0-0 11. Re1 Re8 12. h3 Bc5 13. exd5 cxd5 14. Nb3 Bd6 15. Bc2 Ba6 16. Qf3 Qe7 17. Bg5 e4 18. Bxf6 exf3 19. Bxe7 Rxe7 20. gxf3 Rae8 21. Rxe7 Rxe7 22. Nd4 Bc5 23. Rd1 g6 24. Kg2 Bxd4 25. cxd4 Re2 26. Bb3 Rxb2 27. Bxd5 Rb5 28. Bb3 Kf8 29. d5 Rb8 30. Rc1 Ke7 31. Rc7+ Kd8 32. Rxf7 Rb7 33. Rxb7 Bxb7 34. Kg3 Kd7 35. Kf4 Kd6 36. Ke4 h6 37. f4 Bc8 38. h4 Bf5+ 39. Kd4 h5 40. Ba4 Bg4 41. Be8 Bf5 42. Bf7 a6 43. a3 a5 44. f3 Ke7 45. Bg8 Kd6 46. Kc4 Bd7 47. Bf7 Bf5 48. Kd4 Ke7 49. Bg8 Kd6 50. Ke3 Ke7 51. Kd4 Kd6 52. Kc4 Bd7 53. Bf7 Bf5 54. Be8 Ke7 55. Bb5 Kd6 56. Kd4 Bc2 57. Bc6 Bf5 58. Ba4 Bh3 59. Bc2 Bf5 60. Be4 a4 61. Kc4 Ke7 62. Bxf5 gxf5 63. Kc5 Kd7 64. d6 Kd8 65. Kd5 Kd7 66. Ke5 Kd8 67. Kxf5 Kd7 68. Ke5 Ke8 69. Ke6 Kd8 70. d7 Kc7 71. Ke7 Kc6 72. d8Q Kc5 73. Ke6 Kc4 74. Ke5 Kc3 75. Ke4 Kc4 76. Qc8+ Kb3 77. Kd3 Kxa3 78. Kc3 Ka2 79. Qb8 a3 80. Kc2 Ka1 81. Qb1# 1-0

[Event "GER-chT U14 Girls"]
[Site "Neumuenster"]
[Date "2019.12.28"]
[Round "4.3"]
[White "Kluehs, Isabel"]
[Black "Moradi, Yassaman"]
[Result "1-0"]
[WhiteElo "1363"]
[BlackElo "1293"]
[PlyCount "119"]
[EventDate "2019.12.27"]
[EventType "team-swiss"]
[EventRounds "7"]
[EventCountry "GER"]
[SourceTitle "CBM 194 Extra"]
[Source "ChessBase"]
[SourceDate "2020.03.31"]
[SourceVersion "1"]
[SourceVersionDate "2020.03.31"]
[SourceQuality "1"]
[WhiteTeam "Lichtenberg Borussia"]
[BlackTeam "Priestewitz"]
[WhiteTeamCountry "GER"]
[BlackTeamCountry "GER"]

1. d4 d5 2. Nf3 e6 3. e3 c5 4. c3 Nf6 5. Bd3 c4 6. Bc2 Nc6 7. Nbd2 Be7 8. 0-0 0-0 9. e4 Qc7 10. e5 Nd7 11. Re1 f6 12. exf6 Nxf6 13. Nf1 Bd7 14. Ng3 Bd6 15. Qe2 Rae8 16. Bg5 Ne7 17. Bxf6 Rxf6 18. Ng5 Ng6 19. Qh5 h6 20. Bxg6 Rc8 21. Bf7+ Kh8 22. Bxe6 Bxe6 23. Nxe6 Qd7 24. Ng5 Rcf8 25. Nh3 Bxg3 26. hxg3 Rf5 27. Qe2 Qf7 28. Rf1 Re8 29. Qc2 b5 30. Rae1 Rf8 31. Qe2 Rf6 32. Qe7 Qxe7 33. Rxe7 a5 34. a3 a4 35. Re5 Rd6 36. Rfe1 Rdd8 37. Nf4 Kh7 38. Ne6 Rb8 39. Nxf8+ Rxf8 40. Rxd5 g5 41. Rxb5 Kg6 42. g4 Rf6 43. Rbe5 Kg7 44. Re7+ Kg8 45. Ra7 Rf7 46. Ree7 Rf4 47. Re8+ Rf8 48. Rxf8+ Kxf8 49. f3 Ke8 50. Kf2 Kd8 51. Ke3 Ke8 52. Ke4 Kd8 53. Kd5 Ke8 54. Kd6 Kf8 55. Ke6 Kg8 56. Kf6 h5 57. gxh5 g4 58. fxg4 Kh8 59. Kg6 Kg8 60. Ra8# 1-0

[Event "GER-chT U14 Girls"]
[Site "Neumuenster"]
[Date "2019.12.28"]
[Round "3.4"]
[White "Kuran, Olivia"]
[Black "Kluehs, Isabel"]
[Result "1-0"]
[WhiteElo "1003"]
[BlackElo "1363"]
[PlyCount "115"]
[EventDate "2019.12.27"]
[EventType "team-swiss"]
[EventRounds "7"]
[EventCountry "GER"]
[SourceTitle "CBM 194 Extra"]
[Source "ChessBase"]
[SourceDate "2020.03.31"]
[SourceVersion "1"]
[SourceVersionDate "2020.03.31"]
[SourceQuality "1"]
[WhiteTeam "Karlsruhe SF"]
[BlackTeam "Lichtenberg Borussia"]
[WhiteTeamCountry "GER"]
[BlackTeamCountry "GER"]

1. e4 c5 2. Nf3 Nc6 3. Nc3 d6 4. Bb5 Bd7 5. d3 Nf6 6. Bg5 e6 7. Bxf6 Qxf6 8. 0-0 a6 9. Ba4 b5 10. Bxb5 axb5 11. Nxb5 Qd8 12. d4 Qb6 13. Qd3 Nb4 14. dxc5 Nxd3 15. cxb6 Bxb5 16. cxd3 Be7 17. a3 0-0 18. Rfd1 Rab8 19. a4 Bd7 20. a5 Bf6 21. Rdb1 Bb5 22. d4 Ba6 23. e5 dxe5 24. Nxe5 Bxe5 25. dxe5 Rfd8 26. b4 Rd5 27. f4 h6 28. g3 Kf8 29. Rb2 Rbd8 30. Kg2 Bb7 31. Kh3 Ba6 32. Rc1 R8d7 33. Rbc2 Rb5 34. Rc5 Rxb4 35. Rc7 Rxc7 36. Rxc7 Rb5 37. Rd7 Ke8 38. Ra7 Rxa5 39. b7 Bf1+ 40. Kh4 g5+ 41. fxg5 hxg5+ 42. Kxg5 Rxe5+ 43. Kf4 Rf5+ 44. Ke3 Re5+ 45. Kf2 Rf5+ 46. Ke1 Re5+ 47. Kxf1 Rf5+ 48. Kg2 Rb5 49. Ra8+ Kd7 50. b8Q Rxb8 51. Rxb8 f5 52. h3 Kd6 53. Kf3 Kd5 54. g4 fxg4+ 55. hxg4 e5 56. Re8 Kd4 57. g5 e4+ 58. Rxe4+ 1-0

[Event "GER-chT U14 Girls"]
[Site "Neumuenster"]
[Date "2018.12.28"]
[Round "3.4"]
[White "Fege, Astrid"]
[Black "Kluehs, Isabel"]
[Result "1-0"]
[WhiteElo "1235"]
[BlackElo "1412"]
[PlyCount "57"]
[EventDate "2018.12.27"]
[EventType "team-swiss"]
[EventRounds "7"]
[EventCountry "GER"]
[SourceTitle "CBM 188 Extra"]
[Source "ChessBase"]
[SourceDate "2019.02.26"]
[SourceVersion "1"]
[SourceVersionDate "2019.02.26"]
[SourceQuality "1"]
[WhiteTeam "Leipzig SG"]
[BlackTeam "Lichtenberg Borussia"]
[WhiteTeamCountry "GER"]
[BlackTeamCountry "GER"]

1. e4 c5 2. Nf3 Nc6 3. d4 cxd4 4. Nxd4 Nf6 5. Nc3 e5 6. Nf3 Bb4 7. Bd2 d6 8. Bd3 0-0 9. 0-0 Be6 10. Ng5 Qe7 11. Qf3 Nd4 12. Qg3 Bxc3 13. Bxc3 Nc6 14. f4 Bd7 15. Rf3 h6 16. Nh3 Bg4 17. Rf2 Rfe8 18. Bd2 Rad8 19. Raf1 Qd7 20. fxe5 dxe5 21. Bxh6 Qd4 22. Be3 Qd7 23. Rxf6 gxf6 24. Rxf6 Ne7 25. Nf2 Ng6 26. Nxg4 Qe7 27. Nh6+ Kf8 28. Qxg6 Qc7 29. Qxf7+ 1-0

[Event "GER-chT U14 Girls"]
[Site "Neumuenster"]
[Date "2018.12.28"]
[Round "4.4"]
[White "Kluehs, Isabel"]
[Black "Voigt, Anastasia"]
[Result "0-1"]
[WhiteElo "1412"]
[BlackElo "1421"]
[PlyCount "68"]
[EventDate "2018.12.27"]
[EventType "team-swiss"]
[EventRounds "7"]
[EventCountry "GER"]
[SourceTitle "CBM 188 Extra"]
[Source "ChessBase"]
[SourceDate "2019.02.26"]
[SourceVersion "1"]
[SourceVersionDate "2019.02.26"]
[SourceQuality "1"]
[WhiteTeam "Lichtenberg Borussia"]
[BlackTeam "Halle USV"]
[WhiteTeamCountry "GER"]
[BlackTeamCountry "GER"]

1. d4 d5 2. Nf3 Nf6 3. e3 Bf5 4. c4 e6 5. Nc3 Be7 6. Be2 0-0 7. 0-0 b6 8. b3 c5 9. Bb2 Nc6 10. a3 Rc8 11. Rc1 Qd7 12. Qd2 Rfd8 13. Rfd1 Na5 14. Ne5 Qb7 15. Qe1 Nxb3 16. Bf3 Nxc1 17. Rxc1 Qb8 18. cxd5 exd5 19. dxc5 Qxe5 20. Na4 Qb8 21. c6 Ne4 22. Bxe4 dxe4 23. Qc3 Bf6 24. Qc2 Qd6 25. Bxf6 Qxf6 26. c7 Rd7 27. Rd1 Rdxc7 28. Qd2 h6 29. h3 Qg6 30. g4 h5 31. Kf1 hxg4 32. hxg4 Bxg4 33. Rb1 Qh5 34. Kg1 Bf3 0-1

[Event "GER-chT U14 Girls"]
[Site "Neumuenster"]
[Date "2017.12.27"]
[Round "2.3"]
[White "Kluehs, Isabel"]
[Black "Peglau, Charis"]
[Result "0-1"]
[WhiteElo "1374"]
[BlackElo "1454"]
[PlyCount "112"]
[EventDate "2017.12.26"]
[EventType "team-swiss"]
[EventRounds "7"]
[EventCountry "GER"]
[SourceTitle "CBM 182 Extra"]
[Source "ChessBase"]
[SourceDate "2018.02.23"]
[SourceVersion "1"]
[SourceVersionDate "2018.02.23"]
[SourceQuality "1"]
[WhiteTeam "Friedrichsfelde Borussia"]
[BlackTeam "Seeblick"]
[WhiteTeamCountry "GER"]
[BlackTeamCountry "GER"]

1. d4 d5 2. Nf3 Bf5 3. e3 Nf6 4. Bd3 Bg6 5. c4 dxc4 6. Bxc4 e6 7. Nc3 Bb4 8. Bd2 Nbd7 9. a3 Be7 10. 0-0 0-0 11. Re1 Nb6 12. Bb3 c5 13. Bc2 Bh5 14. Bd3 cxd4 15. exd4 Bxf3 16. Qxf3 Qxd4 17. Bg5 Qd7 18. Qh3 h6 19. Bf4 Rfd8 20. Rad1 Qc6 21. Re3 Nbd5 22. Nxd5 Nxd5 23. Rf3 Nxf4 24. Rxf4 Bg5 25. Rf3 e5 26. Bh7+ Kxh7 27. Rxd8 Rxd8 28. Qf5+ Kh8 29. h3 Rd1+ 30. Kh2 Bf4+ 31. g3 Bg5 32. Qxf7 Bf6 33. Qh5 e4 34. Rf5 Rc1 35. Qe2 e3 36. Rf3 exf2 37. Qd3 Qc2 38. Qxc2 Rxc2 39. Kg2 Bxb2 40. Rxf2 Rxf2+ 41. Kxf2 Bxa3 42. g4 b5 43. Ke3 a5 44. Kd3 a4 45. Kc2 Be7 46. h4 Bxh4 47. g5 Bxg5 48. Kd3 b4 49. Ke2 a3 50. Kd1 a2 51. Kc2 a1Q 52. Kb3 Qc1 53. Ka4 b3 54. Kb5 b2 55. Ka6 b1Q 56. Ka7 Qa3# 0-1

[Event "GER-ch U25-B"]
[Site "Willingen"]
[Date "2016.05.16"]
[Round "3"]
[White "Kluehs, Isabel"]
[Black "Parma, Lea"]
[Result "1-0"]
[WhiteElo "919"]
[BlackElo "1170"]
[PlyCount "51"]
[EventDate "2016.05.15"]
[EventType "swiss"]
[EventRounds "9"]
[EventCountry "GER"]
[SourceTitle "CBM 172 Extra"]
[Source "ChessBase"]
[SourceDate "2016.06.21"]
[SourceVersion "1"]
[SourceVersionDate "2016.06.21"]
[SourceQuality "1"]

1. d4 g6 2. Nd2 Bg7 3. c3 d6 4. e4 e5 5. Ngf3 Ne7 6. Bc4 0-0 7. 0-0 c6 8. d5 Nd7 9. Re1 Nb6 10. dxc6 Nxc4 11. Nxc4 bxc6 12. Qxd6 Qxd6 13. Nxd6 Bg4 14. Nd2 Rfd8 15. N6c4 Bh6 16. Ne3 Be6 17. Ndc4 Bxe3 18. Nxe3 Rd3 19. Nf1 f6 20. f4 Rb8 21. Re2 Bc4 22. Rf2 Nc8 23. fxe5 fxe5 24. Bh6 Nd6 25. Ng3 Re3 26. Bxe3 1-0

[Event "GER-chT U10"]
[Site "Magdeburg"]
[Date "2015.12.29"]
[Round "6.2"]
[White "Zabudkin, David"]
[Black "Kluehs, Isabel"]
[Result "0-1"]
[WhiteElo "947"]
[BlackElo "886"]
[PlyCount "36"]
[EventDate "2015.12.27"]
[EventType "team-swiss"]
[EventRounds "7"]
[EventCountry "GER"]
[SourceTitle "EXT 2017"]
[Source "ChessBase"]
[SourceDate "2016.10.25"]
[SourceVersion "1"]
[SourceVersionDate "2016.10.25"]
[SourceQuality "1"]
[WhiteTeam "Brackel"]
[BlackTeam "Friedrichsfelde Borussia"]
[WhiteTeamCountry "GER"]
[BlackTeamCountry "GER"]

1. e4 c5 2. Nf3 Nc6 3. Nc3 d6 4. Bb5 Bd7 5. d4 cxd4 6. Nxd4 Nf6 7. Nd5 e6 8. Nxc6 Bxc6 9. Bxc6+ bxc6 10. Nxf6+ Qxf6 11. 0-0 Be7 12. Qd3 0-0 13. Qg3 d5 14. b4 dxe4 15. Bg5 Rab8 16. Rab1 Qd4 17. Qe3 Qxe3 18. fxe3 f6 0-1

[Event "GER-chT U10"]
[Site "Magdeburg"]
[Date "2014.12.29"]
[Round "6.3"]
[White "Kluehs, Isabel"]
[Black "Mueller, Stefan1111"]
[Result "1-0"]
[WhiteElo "763"]
[BlackElo "735"]
[PlyCount "119"]
[EventDate "2014.12.27"]
[EventType "team-swiss"]
[EventRounds "7"]
[EventCountry "GER"]
[SourceTitle "EXT 2016"]
[Source "ChessBase"]
[SourceDate "2015.10.08"]
[SourceVersion "1"]
[SourceVersionDate "2015.10.08"]
[SourceQuality "1"]
[WhiteTeam "Berlin Nord Ost"]
[BlackTeam "Friedrichsfelde Borussia"]
[WhiteTeamCountry "GER"]
[BlackTeamCountry "GER"]

1. d4 c6 2. e3 d5 3. Nf3 Bg4 4. Bd3 Nf6 5. Nbd2 e6 6. 0-0 Bd6 7. h3 Bh5 8. e4 dxe4 9. Nxe4 0-0 10. Bd2 e5 11. Nxf6+ Qxf6 12. Bxh7+ Kxh7 13. Ng5+ Qxg5 14. Bxg5 Bxd1 15. Raxd1 f6 16. dxe5 Bxe5 17. Be3 Bxb2 18. Bc5 Re8 19. Rfe1 Rxe1+ 20. Rxe1 Nd7 21. Bb4 Be5 22. Rd1 Rd8 23. Be7 Re8 24. Rxd7 Rb8 25. Bd6 Bxd6 26. Rxd6 a5 27. Kf1 Rc8 28. Ke2 Kg6 29. g4 b5 30. Kd3 a4 31. c4 bxc4+ 32. Kxc4 c5 33. Rd5 a3 34. Rxc5 Rxc5+ 35. Kxc5 Kg5 36. Kb4 Kh4 37. Kxa3 Kxh3 38. f3 Kg3 39. Kb3 Kxf3 40. a4 Kxg4 41. a5 g5 42. a6 Kh5 43. a7 f5 44. a8Q g4 45. Qg8 f4 46. Kc3 Kh4 47. Kd3 Kg3 48. Ke2 f3+ 49. Kf1 f2 50. Qb8+ Kf3 51. Qf8+ Kg3 52. Qxf2+ Kh3 53. Qg1 Kh4 54. Kf2 Kg5 55. Ke3 Kf5 56. Kd4 Kf4 57. Qf1+ Kg5 58. Ke5 Kh4 59. Kf4 g3 60. Qh1# 1-0

[Event "GER-chT U10"]
[Site "Magdeburg"]
[Date "2014.12.28"]
[Round "3.4"]
[White "Kluehs, Isabel"]
[Black "Phong, Nguyen Tung"]
[Result "1-0"]
[WhiteElo "763"]
[BlackElo "600"]
[PlyCount "33"]
[EventDate "2014.12.27"]
[EventType "team-swiss"]
[EventRounds "7"]
[EventCountry "GER"]
[SourceTitle "EXT 2016"]
[Source "ChessBase"]
[SourceDate "2015.10.08"]
[SourceVersion "1"]
[SourceVersionDate "2015.10.08"]
[SourceQuality "1"]
[WhiteTeam "Berlin Nord Ost"]
[BlackTeam "Berlin Schachunion II"]
[WhiteTeamCountry "GER"]
[BlackTeamCountry "GER"]

1. d4 d5 2. Nf3 Nc6 3. c3 Bf5 4. Nbd2 Bg4 5. e3 Qd6 6. Bd3 Bxf3 7. Qxf3 0-0-0 8. a3 b6 9. c4 dxc4 10. Bxc4 Na5 11. Ba6+ Nb7 12. Qxb7+ Kd7 13. Bb5+ Ke6 14. 0-0 Nf6 15. Ne4 Nxe4 16. Qxe4+ Qe5 17. Qxe5# 1-0